<?xml version="1.0" encoding="UTF-8"?>
<record
    xmlns:xsi="http://www.w3.org/2001/XMLSchema-instance"
    xsi:schemaLocation="http://www.loc.gov/MARC21/slim http://www.loc.gov/standards/marcxml/schema/MARC21slim.xsd"
    xmlns="http://www.loc.gov/MARC21/slim">

  <leader>00524nam a22001457a 4500</leader>
  <controlfield tag="003">0</controlfield>
  <controlfield tag="005">20221128095230.0</controlfield>
  <controlfield tag="008">221128b        xxu||||| |||| 00| 0 eng d</controlfield>
  <datafield tag="050" ind1=" " ind2=" ">
    <subfield code="a">TJ163.5</subfield>
    <subfield code="b">.Sa23 2020</subfield>
  </datafield>
  <datafield tag="245" ind1=" " ind2=" ">
    <subfield code="a">Green computing awareness and challenges: a case of a Philippine public higher education institution</subfield>
    <subfield code="c">Mark Anthony P. Sabili</subfield>
  </datafield>
  <datafield tag="260" ind1=" " ind2=" ">
    <subfield code="a">Las Pinas City, Philippines</subfield>
    <subfield code="b">Southville International School and Colleges</subfield>
    <subfield code="c">C2020</subfield>
  </datafield>
  <datafield tag="300" ind1=" " ind2=" ">
    <subfield code="a">ix,79pp.</subfield>
    <subfield code="c">28cm.</subfield>
    <subfield code="f">Theses</subfield>
  </datafield>
  <datafield tag="500" ind1=" " ind2=" ">
    <subfield code="a">Green computing.</subfield>
  </datafield>
  <datafield tag="942" ind1=" " ind2=" ">
    <subfield code="2">lcc</subfield>
    <subfield code="c">TH</subfield>
  </datafield>
  <datafield tag="999" ind1=" " ind2=" ">
    <subfield code="c">364908</subfield>
    <subfield code="d">364908</subfield>
  </datafield>
  <datafield tag="952" ind1=" " ind2=" ">
    <subfield code="0">0</subfield>
    <subfield code="1">0</subfield>
    <subfield code="2">lcc</subfield>
    <subfield code="4">0</subfield>
    <subfield code="a">CL</subfield>
    <subfield code="b">CL</subfield>
    <subfield code="c">THESES</subfield>
    <subfield code="d">2022-11-28</subfield>
    <subfield code="e">DONATION</subfield>
    <subfield code="l">0</subfield>
    <subfield code="o">TJ163.5 .Sa23 2020</subfield>
    <subfield code="p">T1115</subfield>
    <subfield code="r">2022-11-28 00:00:00</subfield>
    <subfield code="w">2022-11-28</subfield>
    <subfield code="y">TH</subfield>
  </datafield>
</record>
